مشكلات الأطفال الشائعة : (رقم التسجيلة. 123200)

تفاصيل مارك
000 -الفاتح
عناصر البيانات ثابتة الطول 00722cam a2200193 i 4500
005 - تاريخ ووقت آخر معاملة
حقل ضبط 20251109111814.0
008 - عناصر البيانات ثابتة الطول
عناصر البيانات ثابتة الطول 250721s2010 jo gr 000 0 ara d
082 14 - رقم تصنيف ديوي العشري
رقم التصنيف 155.4
رقم المادة زع ي
100 1# - مدخل رئيسي – اسم شخصي
الاسم الشخصي زعيزع، عبدالله
علاقة الشخص بالعمل/ دوره مؤلف.
245 10 - بيان العنوان
العنوان مشكلات الأطفال الشائعة :
بقية العنوان الاسباب - طرق الوقاية - إجراءات العلاج /
بيان المسؤولية تأليف أ. عبد الله ابو زعيزع.
264 31 - بيانات النشر، التوزيع…إلخ
مكان النشر، التوزيع...إلخ عمان :
اسم الناشر، الموزع...إلخ المؤلف،
تاريخ النشر، التوزيع...إلخ 2010.
300 ## - الوصف المادي
عدد الوحدات المكونة للوعاء 158صفحة.
650 17 - مدخل إضافي بالموضوع - مصطلح موضوعي
مصطلح موضوعي أو اسم جغرافي كعنصر مدخل السلوك.
650 17 - مدخل إضافي بالموضوع - مصطلح موضوعي
مصطلح موضوعي أو اسم جغرافي كعنصر مدخل رعاية الاطفال.
650 17 - مدخل إضافي بالموضوع - مصطلح موضوعي
مصطلح موضوعي أو اسم جغرافي كعنصر مدخل سيكولوجية الاطفال.
650 17 - مدخل إضافي بالموضوع - مصطلح موضوعي
مصطلح موضوعي أو اسم جغرافي كعنصر مدخل رعاية الاطفال.
942 ## - بيانات إضافية (كوها)
نوع التنصيف Dewey Decimal Classification
نوع المادة (كوها) كتب
المقتنيات
حالة السحب حالة الفقدان مصدر التصنيف حالة التلف غير قابل للإعارة المكتبة الرئيسية المكتبة الحالية موقع الرف تاريخ التزويد الرقم المتسلسل Total Checkouts رقم الإستدعاء الباركود تاريخ آخر ظهور تاريخ الفاتورة نوع المادة (كوها)
    Dewey Decimal Classification     المكتبة المركزية المكتبة المركزية الإعارة 28/07/2025 1438165   155.4 / ز ع ي PLD00198453 28/07/2025 28/07/2025 كتب
    Dewey Decimal Classification     المكتبة المركزية المكتبة المركزية مقتنيات قسم التزويد 28/07/2025 1438167   155.4/زعي   28/07/2025 28/07/2025 كتب
    Dewey Decimal Classification     المكتبة المركزية المكتبة المركزية مقتنيات قسم التزويد 28/07/2025 1438168   155.4/زعي   28/07/2025 28/07/2025 كتب
    Dewey Decimal Classification     المكتبة المركزية المكتبة المركزية مقتنيات قسم التزويد 28/07/2025 1438169   155.4/زعي   28/07/2025 28/07/2025 كتب
    Dewey Decimal Classification     مكتبة أبو علندا العامة مكتبة أبو علندا العامة الإعارة 28/03/2011 1438184   155.4/زعي PLD00198668 28/07/2025 28/03/2011 كتب
    Dewey Decimal Classification     مكتبة الأميرة ايمان العامة مكتبة الأميرة ايمان العامة الإعارة 28/03/2011 1438171   155.4/زعي PLD00198655 28/07/2025 28/03/2011 كتب
    Dewey Decimal Classification     مكتبة الاميرة بديعة مكتبة الاميرة بديعة الإعارة 28/03/2011 1438172   155.4/زعي PLD00198656 28/07/2025 28/03/2011 كتب
    Dewey Decimal Classification     مكتبة البراعم الواعدة مكتبة البراعم الواعدة الإعارة 28/03/2011 1438180   155.4/زعي PLD00198664 28/07/2025 28/03/2011 كتب
    Dewey Decimal Classification     مكتبة الجويدة مكتبة الجويدة الإعارة 28/03/2011 1438173   155.4/زعي PLD00198657 28/07/2025 28/03/2011 كتب
    Dewey Decimal Classification     مكتبة الراية الهاشمية للأطفال مكتبة الراية الهاشمية للأطفال الإعارة 02/02/2015 1591125   155.4/زعي PLD00315176 28/07/2025 02/02/2015 كتب
    Dewey Decimal Classification     مكتبة النصر العامة مكتبة النصر العامة الإعارة 28/03/2011 1438175   155.4/زعي PLD00198659 28/07/2025 28/03/2011 كتب
    Dewey Decimal Classification     مكتبة صويلح العامة مكتبة صويلح العامة الإعارة 28/03/2011 1438170   155.4/زعي PLD00198654 28/07/2025 28/03/2011 كتب
Implemented & Customized by: BBB with SCIT (Smart Chains for Information Technology)

Powered by Koha